Countries by Region/City - Statistics

General Stats
  • This quiz has been taken 13 times
  • The average score is 28 of 45
Answer Stats
Hint Answer % Correct
Christmas Island Australia
92%
Yukon Canada
92%
Piedmont Italy
92%
Transylvania Romania
92%
Yorkshire United Kingdom
92%
El Paso United States of America
92%
Patagonia Argentina
83%
Nunavut Canada
83%
Baden-Württemberg Germany
83%
Sulawesi Indonesia
83%
Limerick Ireland
83%
Guerrero Mexico
83%
Jersey United Kingdom
83%
Aleutian Islands United States of America
83%
Kurdistan Iraq
75%
Minandao Philippines
75%
Chechnya Russia
75%
Somaliland Somalia
75%
Cordoba Spain
75%
Malmo Sweden
75%
Kherson Ukraine
75%
Zhytomyr Ukraine
67%
Thuringia Germany
58%
Trondheim Norway
58%
Silesia Poland
58%
Astrakhan Russia
58%
Chukotka Russia
58%
Big Diomede Russia
58%
Smolensk Russia
58%
Ulsan South Korea
58%
Little Diomede United States of America
58%
St Paul United States of America
58%
Homs Syria
50%
Gomel Belarus
42%
Sabah Malaysia
42%
Vojvodina Serbia
42%
Tanganika Democratic Republic of the Congo
33%
Khuzestan Iran
33%
Lae Papua New Guinea
33%
Chaco Boreal Paraguay
33%
Samsun Turkey
33%
Imphal India
25%
Bessarabia Moldova
25%
Gojjam Ethiopia
8%
Solothurn Switzerland
8%
No matching quizzes found
Score Distribution
Percent of People with Each Score
Percentile by Number Answered
Your Score History
You have not taken this quiz